Avaliação da atividade antibacteriana, citotóxica e antioxidante da espécie vegetal Opuntia cochenillifera (L.) Mill (Registro n. 300501)
[ somente texto ]
| 000 -LÍDER | |
|---|---|
| fixed length control field | 04964nab a2200361 i 4500 |
| 003 - CÓDIGO MARC DA AGÊNCIA CATALOGADORA | |
| Campo de controle | BR-BrBNA |
| 005 - DATA E HORA DA ÚLTIMA ATUALIZAÇÃO | |
| Campo de controle | 20240712143352.0 |
| 008 - CAMPO DE TAMANHO FIXO | |
| fixed length control field | 240712b2016 bl.qr|pooa||| 00| 0 por | |
| 040 ## - FONTE DA CATALOGAÇÃO | |
| Agência catalogadora | BR-BrBNA |
| Idioma da catalogação | por |
| 072 ## - CATEGORIA AGRIS | |
| Código AGRIS | F60 |
| 100 ## - ENTRADA PRINCIPAL - NOME PESSOAL | |
| Nome pessoal | Silva, A.L.L. |
| 100 ## - ENTRADA PRINCIPAL - NOME PESSOAL | |
| Nome pessoal | Araujo, M.G.S. |
| 100 ## - ENTRADA PRINCIPAL - NOME PESSOAL | |
| Nome pessoal | Bastos, M.L.A. |
| 100 ## - ENTRADA PRINCIPAL - NOME PESSOAL | |
| Nome pessoal | Bernardo, T.H.L. |
| 100 ## - ENTRADA PRINCIPAL - NOME PESSOAL | |
| Nome pessoal | Oliveira, J.F.S. |
| 100 ## - ENTRADA PRINCIPAL - NOME PESSOAL | |
| Nome pessoal | Silva-Junior, E.F. |
| 100 ## - ENTRADA PRINCIPAL - NOME PESSOAL | |
| Nome pessoal | Santos-Junior, P.F.S. |
| 100 ## - ENTRADA PRINCIPAL - NOME PESSOAL | |
| Nome pessoal | Araujo, M.V. |
| 100 ## - ENTRADA PRINCIPAL - NOME PESSOAL | |
| Nome pessoal | Alexandre-Moreira, M.S. |
| 100 ## - ENTRADA PRINCIPAL - NOME PESSOAL | |
| Nome pessoal | Araújo-Júnior, J.X. |
| 100 ## - ENTRADA PRINCIPAL - NOME PESSOAL | |
| Nome pessoal | Verissimo, R.C.S.S. |
| 245 ## - TÍTULO PRINCIPAL | |
| Título principal | Avaliação da atividade antibacteriana, citotóxica e antioxidante da espécie vegetal Opuntia cochenillifera (L.) Mill |
| 500 ## - NOTA GERAL | |
| Nota geral | Publicação on-line; 33 ref.; 1 table; 5 illus.; Summaries (En, Pt) |
| 942 ## - ADDED ENTRY ELEMENTS (KOHA) | |
| Koha item type | |
| 520 ## - NOTA DE RESUMO | |
| Nota de conteúdo | <br/><br/>RESUMO: <br/><br/>O presente estudo teve como objetivo avaliar a atividade antibacteriana, antioxidante<br/>e citotóxica da espécie Opuntia cochenillifera (L.) Mill. Foi realizada a prospecção fitoquímica e<br/>espectroscopia de absorção de infravermelho (IV) dos extratos etanólicos brutos e frações dos<br/>cladódios grande e pequeno. A atividade antioxidante foi avaliada pelo método da capacidade<br/>sequestradora de radicais livres utilizando o radical sintético 2,2-difenil-1-picrilhidrazila (DPPH).<br/>A atividade citotóxica foi obtida através do método colorimétrico do Metiltetrazolium (MTT). Já<br/>a atividade antibacteriana foi avaliada pelo método de microdiluição em caldo para determinar<br/>a concentração inibitória mínima (CIM) frente às estirpes bacterianas Staphylococcus aureus,<br/>Staphylococcus epidermidis, Pseudomonas aeruginosa e Escherichia coli. A prospecção<br/>fitoquímica revelou principalmente a presença de fenóis, esteroides livres, alcaloides, alcanos,<br/>além de outras classes químicas. O IV apresentou grupos funcionais como alcanos, carbonilas,<br/>grupos de metila, duplas ligações de carbono, grupamentos alquilamina, entre outros. Sobre<br/>a citotoxicidade na concentração de 100 μg/mL, os dois extratos brutos, todas as frações do<br/>cladódio grande e as frações de clorofórmio e metanol do cladódio pequeno não apresentaram<br/>toxicidade. Os extratos brutos e frações do cladódio grande e pequeno, não demonstraram<br/>atividade antibacteriana e nem antioxidante. Esses resultados podem fornecer suporte para<br/>pesquisas futuras, visando outras atividades biológicas da presente espécie vegetal.<br/><br/>Palavras-chave: Opuntia cochenillifera (L.) Mill. Composição química. Atividade antibacteriana.<br/>Atividade citotóxica. Antioxidante. |
| 520 ## - NOTA DE RESUMO | |
| Nota de conteúdo | <br/><br/>ABSTRACT: <br/><br/>Evaluation of antibacterial, cytotoxic, and antioxidant activity of the plant<br/>species Opuntia cochenillifera (L.) Mill. The purpose of this study was to evaluate the<br/>antibacterial, antioxidant, and cytotoxic activity of Opuntia cochenillifera (L.) Mill. A phytochemical<br/>screening and infrared (IR) absorption spectroscopy were performed in the crude ethanolic<br/>extracts and fractions of large and small cladodes. The antioxidant activity was evaluated<br/>through the qualitative method of free-radical scavenging capacity using the synthetic radical<br/>2,2-diphenyl-1-picrylhydrazyl (DPPH). The cytotoxic activity was obtained by the cell viability<br/>assay using methyl thiazolyl tetrazolium (MTT). Antibacterial activity was evaluated by broth<br/>microdilution method to determine the minimum inhibitory concentration (MIC) against<br/>the bacterial strains Staphylococcus aureus, Staphylococcus epidermidis, Pseudomonas<br/>aeruginosa, and Escherichia coli. The phytochemical screening mainly revealed the presence<br/>of phenols, flavonoids, free steroids, alkaloids, alkanes, and other chemical classes.<br/>The IR spectroscopy presented functional groups such as alkanes, carbonyls, methyl groups,<br/>carbon double bonds, and alkylamino groups, among others. Regarding cytotoxicity in the<br/>concentration of 100 μg/mL, neither the crude extracts, the fractions of the large cladode, nor<br/>the chloroform and methanol fractions of small cladode presented toxicity. The crude ethanolic<br/>extracts and fractions of large and small cladode showed no antibacterial or antioxidant activity.<br/>These results may provide support for future research aimed at other biological activities of<br/>this plant species.<br/><br/>Keywords: Opuntia cochenillifera (L.) Mill., chemical composition, antibacterial activity, cytotoxic<br/>activity, antioxidant. |
| 650 ## - ASSUNTO - THESAGRO | |
| Cabeçalho tópico ou nome geográfico | PLANTA MEDICINAL |
| 650 ## - ASSUNTO - THESAGRO | |
| Cabeçalho tópico ou nome geográfico | COMPOSIÇÃO QUÍMICA |
| 650 ## - ASSUNTO - THESAGRO | |
| Cabeçalho tópico ou nome geográfico | ANTIOXIDANTE |
| 773 0# - ENTRADA ANALÍTICA | |
| Host Biblionumber | 3543 |
| Registro do item | 316623 |
| Imprenta | Botucatu-SP Instituto de Biociências - Departamento de Química e Bioquímica 1998 |
| Outro identificador | 2024-3140 |
| Título | Revista Brasileira de Plantas Medicinais (Brazil) |
| ISSN | 1516-0572 |
| Colação | v. 18(1 suppl. 1) p. 307-315; (2016) |
| Número de controle de registro | BR2024002020 |
| 856 ## - ACESSO E ENDEREÇO ELETRÔNICO | |
| Identificador uniforme de recurso - URI | https://www.scielo.br/j/rbpm/a/phrNJVBRJKzXdLYR4HCXsPy/?format=pdf&lang=pt |
Nenhum exemplar disponível.

BINAGRI